| 000 | 00577nam a2200229Ia 4500 | ||
|---|---|---|---|
| 001 | 49253 | ||
| 005 | 20240114003944.0 | ||
| 007 | ta | ||
| 008 | 090526s1991 g b000 u 807 u | ||
| 040 | _aCotton College,Assam | ||
| 041 | _a807 | ||
| 082 |
_a891.4309 _bN 133 An |
||
| 100 | _aNagendra, . | ||
| 245 | 0 |
_aAnusandhan Aur Alosana / _cNagendra. _hTextual Documents |
|
| 250 | _a1st ed / | ||
| 260 |
_aDelhi : _bNational Publishing , _c1991. |
||
| 300 |
_a133 p ; _c23 cm. |
||
| 653 | _aHindi | ||
| 942 |
_2ddc _cBK |
||
| 999 |
_c49218 _d49218 |
||